Регионална библиотека "Любен Каравелов" - Русе

Основи на хомеопатичната терапия (Запис номер 348495)

MARC детайли
000 -Лидер
Контролно поле с фиксирана дължина 01132nam a2200241 a 4500
003 - Код на организацията, давaща контролен номер
Контролно поле BLK
005 - Дата и час на последна редакция
Контролно поле 20250612092930.0
008 - Елементи от данни с фиксирана дължина
fixed length control field 200210b bu ||||| |||| 00| 0 bu d
020 ## - Международен стандартен номер на книга ISBN
Международен стандартен номер на книга ISBN 9786199098745
040 ## - Източник на каталожния запис
Идентификатор на билиотеката - собственик на записа BLK
041 ## - Код за език
Код за езика на текст/звукозапис или на отделно заглавие Български
Код за езика КДБФ Български
080 ## - УДК
Текстов определител УДК Хомеопатична позология. Хомеопатия
УДК код - определител по УДК 615.015.32
УДК - код + определител 615.015.32
139 ## - Редно поле
Редна дума Основи на хомеопатичната терапия
Авторски знак Осн - О 83
245 ## - Сведения за заглавието
Заглавие Основи на хомеопатичната терапия
Редно поле (дума) И. Енев и др.
Том Т. 2
Заглавие на том Хронична патология
260 ## - Област на издателските данни
9 (RLIN) 391193
Място на издаване, разпространение и проч. София
Име на издателя, разпространителя и проч. Европ. школа по клинична хомеопатия
Година на издаване 2019
Печатница София : Изток-Запад
300 ## - Физическа характеристика
Размери/Мащаб 24 см
380 ## - Жанр
Жанр Медицина
650 #7 - Допълнително описание по предмет – тема
9 (RLIN) 176741
Основно описание – тема или топоним Хомеопатия
760 ## - Описание на основната серия
Място на издаване, издател и година София, 2019
Страници - том 416 с. : с ил., табл.
Част - том Т. 2
Заглавие Хронична патология
Забележка - том Индекс на нозологични единици и патологични симптоми, описани в текста
852 ## - Местоположение
Фондова буква Читалня
Систематично-азбучна сигнатура Ч 615/О 83
852 ## - Местоположение
Фондова буква Хранилище
Форматна сигнатура Цб
999 ## - СИСТЕМНИ КОНТРОЛНИ НОМЕРА
Koha biblionumber 348495
Koha biblioitemnumber 348495
942 ## - АРТИКУЛИ
Източник на класификационната схема Universal Decimal Classification
Вид на библиотечния материал Книги
Скрит в OPAC Не
Периодичен библиозапис Да
Koha issues (borrowed), all copies 1
944 ## - СЪЗДАВАНЕ И РЕДАКЦИЯ на ЗАПИСА
Служител, извършил регистрацията/редакцията 30563
Статус, дата на статуса Ивелин Русев
Наличности
Код за отписване Код за изгубен артикул Източник на класификационната схема Код за повреда Коз за рестрикции Код за отдаване Артикулен № Име на библиотеката - собственик Име на библиотеката, в която се намира в момента Статус (Текущо местоположение) Дата на вписване в системата Местоположение - отдел Цена в лева Систематично азбучна сигнатура Баркод Цена в евро Служебен тип на артикула
  Не е изгубен Universal Decimal Classification Не е повреден само за читалня ползва се в читалня 755506 Регионална библиотека "Любен Каравелов" Русе Регионална библиотека "Любен Каравелов" Русе Читалня 2020-02-11 Читалня 26.60 Ч 615/О 83 120000842543 13.60 Книги
  Не е изгубен Universal Decimal Classification Не е повреден само за читалня ползва се в читалня 869869 Регионална библиотека "Любен Каравелов" Русе Регионална библиотека "Любен Каравелов" Русе Хранилище 2022-02-08 Хранилище 38.00 Цб 310416 120000864471 19.43 Книги
Vip Innovations Ltd, Rousse, Bulgaria 2025